Datum a čas kvízu

25.5 Celkem bodů Celkový počet nahraných bodů na tomto kvízu bez doplňovacích otázek.
7. Pořadí na kvízu Konečné umístění týmu na tomto kvízu.

Zaznamenané odpovědi

# Otázka Odpověď Body Výsledky
1. Jak se jmenuje tento muž, kter... Vladimír Balaš 0
2. Minulý týden vyšla zpráva o to... D) papoušky 0
3. Minulý týden byly rozděleny pr... Patrik Banga 1
4. Japonská společnost Sega oznám... Angry Birds 0
5. Ve které evropské metropoli se... v Londýně 1
6. O slovanských bozích a mýtech... Perun, Mokoš/Mokoša/Makoša 0.5
7. Níže zobrazený český lékař a b... Jan Evangelista Purkyně, Živa 0
8. Známou mýtickou bytostí slovan... třikrát 0
9. Seřaďte tyto slovanské svátky... 1C 2A 3B 4D 1
10. Za půl bodu uveďte název tohot... Lešij (Leshen, Lěsovik, Lasovik), Zaklínač 0